Sports Quiz

Random Sports Quiz

Career Total Bases, With a Catch... Quiz Stats

 Plays Quiz not verified by Sporcle

Score 0/10 Timer 05:00
0 Plays Today
Position/Career Status Player % Correct
1B +Lou Gehrig
79.1%
CIvan Rodriguez
69.6%
3B Chipper Jones
65.2%
2B +Rogers Hornsby
59.5%
OF +Andre Dawson
53.8%
1BFred McGriff
53.8%
OF/DHHarold Baines
52.5%
OF +Billy Williams
47.5%
1B +Tony Perez
39.2%
OFVladimir Guerrero
36.7%

You're not logged in!

Compare scores with friends on all Sporcle quizzes.
OR
Log In

You Might Also Like...

Show Comments

Extras

Top Quizzes Today


Score Distribution

Your Account Isn't Verified!

In order to create a playlist on Sporcle, you need to verify the email address you used during registration. Go to your Sporcle Settings to finish the process.

Report this User

Report this user for behavior that violates our Community Guidelines.

Details: